000 00595nam a2200193Ia 4500
003 GCL
008 140319s9999 xx 000 0 ara d
040 _aGCL /
_cGCL
082 0 4 _a320.5
_bع م
100 1 _aعبدالمنعم احمد النمر
245 1 0 _aالماركسية بين النظرية والتطبيق /
_cعبدالمنعم احمد النمر
260 _a[S.N] :
_bدار الاندلس للاعلام ،
_c1987
300 _a174 ص
490 _a
650 0 4 _aالماركسية
650 0 4 _aالشيوعية
650 0 4 _aالاشتراكية
942 _2ddc
_cBK
999 _c52651
_d52651